Drapeaux en formes de Pays #2 - Statistiques

Statistiques générales
  • Ce quiz a été pris 30 602 fois
  • Le résultat moyen est 13 sur 16
Statistiques - réponses
Par images Réponse % Correct
Argentine
99%
Australie
99%
États-Unis
99%
Ukraine
98%
Afrique du Sud
96%
Norvège
93%
Liban
89%
République Tchèque
86%
Sénégal
85%
Pakistan
82%
République Démocratique du Congo
80%
Monténégro
69%
Népal
64%
Gabon
60%
Barbade
58%
Samoa
38%
Aucun quiz correspondant
Distribution des résultats
% des personnes avec chaque résultat
Percentile par nombre de réponses
Votre historique - résultats
Vous n’avez pas pris ce quiz